000 00869nam a2200229Ii 4500
003 JO-AjNU
008 230605s9999||||xx |||||||||||||| ||und||
017 _a2007/1/89
020 _a9957-16-303-7
040 _aJO-AjNU
_bara
_erda
_cJO-AjNU
041 _aara
050 1 4 _aJX1245.A22.2010
100 3 _a علوان ، عبدالكريم ,
_eauthor
_925816
245 0 0 _aالوسيط في القانون الدولي العام : الكتاب الثاني - القانون الدولي المعاصر
250 _aط1
264 3 1 _aعمان : دار الثقافة ، 2010
300 _aالكتاب الثاني، 387ص
336 _atext
_btxt
_2rdacontent
337 _aunmediated
_bn
_2rdamedia
338 _avolume
_bnc
_2rdacarrier
650 4 _aالقانون الدولي العام -- حقوق الانسان -- المنظمات الدولية
_925817
999 _aA9705
_c13273
_d13273